| 000 | 00371nam a2200157Ia 4500 | ||
|---|---|---|---|
| 003 | OSt | ||
| 005 | 20240306113503.0 | ||
| 008 | 170523s9999 xx 000 0 und d | ||
| 020 | _a978-8125913658 | ||
| 040 | _ciimtu meerut | ||
| 100 | _aSINGH- BHANDARKAR | ||
| 245 | 0 | _aWINNING THE CORPORATE OLYMPIAD | |
| 260 | _bVikas Publication | ||
| 260 | _c2002 | ||
| 942 |
_2ddc _c02 |
||
| 999 |
_c1025 _d1025 |
||